Tuyển tập Vũ Hạnh

保存先:
書誌詳細
第一著者: Vũ, Hạnh
フォーマット: 図書
言語:Undetermined
出版事項: Thành phố Hồ Chí Minh Tổng hợp Thành phố Hồ Chí Minh 2015
主題:
タグ: タグ追加
タグなし, このレコードへの初めてのタグを付けませんか!
Thư viện lưu trữ: Trung tâm Học liệu Trường Đại học Cần Thơ
LEADER 00677nam a2200193Ia 4500
001 CTU_210681
008 210402s9999 xx 000 0 und d
020 |c 160000 
082 |a 895.9223008 
082 |b H107/T.1 
100 |a Vũ, Hạnh 
245 0 |a Tuyển tập Vũ Hạnh 
245 0 |c Vũ Hạnh 
260 |a Thành phố Hồ Chí Minh 
260 |b Tổng hợp Thành phố Hồ Chí Minh 
260 |c 2015 
650 |a Tiểu thuyết Việt Nam,Short stories, Vietnamese,Vietnamese fiction,Truyện ngắn Việt Nam 
904 |i Võ thị việt trinh,Hải 
980 |a Trung tâm Học liệu Trường Đại học Cần Thơ